00628cam a22002171a 4500001001300000003000400013005001700017008004100034010001700075035001900092040002700111050002100138100003200159245006500191246002200256250001600278260004000294300002100334500003800355999001700393f 01000371 DLC20260227111237.0810918s1869 fr 000 0 fre  af 01000371  a(OCoLC)7771617 aDLCcNcWsWdNcWsWdDLC00aPQ2315b.T5 18691 aKarr, Alphonse,d1808-1890.10a300 pages :bmélanges philosophiques /cpar Alphonse Karr.3 aTrois cents pages aNouv. éd. aParis :bM. Lévy frères,c1869. a300 p. ;c19 cm. aHalf-title : Œuvres complètes. c22420d22420